| 000 | 01434cam a22003974a 4500 | ||
|---|---|---|---|
| 001 | 6624834 | ||
| 005 | 20220326193329.0 | ||
| 008 | 070709s2007 bl a b 000 0 por | ||
| 010 | _a 2007349054 | ||
| 020 | _a9788577340446 | ||
| 020 | _a8577340449 | ||
| 035 | _a(OCoLC)ocn175220112 | ||
| 035 | _a(OCoLC)175220112 | ||
| 035 | _a(NNC)6624834 | ||
| 040 |
_aDLC _cDLC |
||
| 041 | 0 |
_apor _aeng |
|
| 042 | _alcode | ||
| 082 |
_a701.18 _bC512m |
||
| 100 |
_aNavas, Adolfo. _93027 |
||
| 245 | 0 | 0 |
_aMarcos Chaves / _c[textos, Adolfo Montejo Navas ... et al.]. |
| 250 | _a1a ed. | ||
| 260 |
_aRio de Janeiro : _bCasa da Palavra, _cc2007. |
||
| 300 |
_a175 p. : _bill. (chiefly col.) ; _c21 cm. |
||
| 490 | 1 |
_aArte bra ; _v1 |
|
| 500 | _aChronology: p. 139-[159]. | ||
| 504 | _aIncludes bibliographical references. | ||
| 505 |
_tpresentation _rLuiza Mello _ton the visual traps of Marcos Chavez _rAdolfo Montejo Navas _tEmptiness and Totality _rLigia Canongia _tThe Deviation is target _rLuisa Duarte _tCaderno do Artista _tEntrevista _tCronologia _rDebora Monnerat _tReferencias Bibliograficas |
||
| 546 | _aText in Portuguese and English. | ||
| 600 | 1 | 0 |
_aChaves, Marcos, _d1961- _xCriticism and interpretation. _93028 |
| 650 |
_aArte moderno _zBrasil _93029 |
||
| 700 | 1 |
_aNavas, Adolfo. _93030 |
|
| 700 | 1 |
_aChaves, Marcos, _d1961- _93031 |
|
| 830 | 0 |
_aArte bra ; _v1. _93032 |
|
| 948 | 1 |
_a20080515 _bc _crhg9 _dSCMC |
|
| 999 |
_c675 _d675 |
||